[Event "BCF-chT3 0304 (4NCL)"]
[Site "West Bromwich"]
[Date "2003.11.23"]
[Round "2.7"]
[White "Cutmore, Martin J"]
[Black "Hawrami, Khidir"]
[Result "1-0"]
[WhiteElo "1928"]
[BlackElo "1344"]
[PlyCount "31"]
[EventDate "2003.11.23"]
[EventType "team-tourn"]
[EventRounds "11"]
[EventCountry "ENG"]
[SourceTitle "EXT 2005"]
[Source "ChessBase"]
[SourceDate "2004.11.15"]
[SourceVersion "1"]
[SourceVersionDate "2004.11.15"]
[SourceQuality "1"]
[WhiteTeam "Wood Green III"]
[BlackTeam "South County Stars"]
[WhiteTeamCountry "ENG"]
[BlackTeamCountry "ENG"]

1. d4 Nf6 2. c4 d5 3. cxd5 Qxd5 4. Nc3 Qa5 5. Bd2 Qb6 6. Nf3 Qxb2 7. Rb1 Qa3 8. Nb5 Qxa2 9. Nxc7+ Kd8 10. Nxa8 Nc6 11. e3 e6 12. Be2 Ne4 13. 0-0 Nxd2 14. Nxd2 Bd6 15. Nc4 Bb4 16. Ra1 1-0